000 01070cam a2200349 a 4500
001 359766
003 ARRUPE
005 20151028153034.0
008 850124s1984 sz a b 001 0 eng
010 _a 84051458
020 _a0856671894
035 _a(OCoLC)11611013
035 _a(OCoLC)ocm11611013
035 _a(CStRLIN)NYCG85-B6262
035 _a(NNC)359766
040 _dNNC
_cDLC
043 _aa-cc-ti
050 0 _aL ND1432.C584
_bP3
082 0 _a755/.943923/09515
_219
090 _aND1432.C584
_bP3 1984
100 1 _aPal, Pratapaditya.
_920695
245 1 0 _aTibetan paintings :
_ba study of Tibetan thankas, eleventh to nineteenth centuries /
_cPratapaditya Pal.
260 _bR. Kumar ;
_aBasel
_c1984.
300 _a223 p. :
_bill. (some col.) ;
_c29 cm.
500 _aIncludes index.
504 _aBibliography: p. 218-221.
650 0 _aTankas (Tibetan scrolls)
_920696
650 0 _aPainting, Tibetan.
_920697
650 0 _aBuddhist painting
_zChina
_zTibet Autonomous Region.
_920698
942 _2lcc
_cMONOGRAPH
999 _c123667
_d123667